The culture of Japan as seen through its leisure

Αποθηκεύτηκε σε:
Λεπτομέρειες βιβλιογραφικής εγγραφής
Άλλοι συγγραφείς: Linhart, Sepp (Επιμελητής έκδοσης), Fruhstuck, Sabine (Επιμελητής έκδοσης)
Μορφή: Βιβλίο
Γλώσσα:English
Δημοσίευση: New York : State University of New York press, c1998
Σειρά:SUNY series in Japan in transition
Θέματα:
Ετικέτες: Προσθήκη ετικέτας
Δεν υπάρχουν, Καταχωρήστε ετικέτα πρώτοι!

MARC

LEADER 00000cam a2200000 i 4500
001 1/13380
008 001127s1998 eng d
020 |a 0-7914-3792-2 
035 |l 10064599 
040 |a GR-MY-UA  |b gre  |e aacr 
041 0 |a eng 
082 0 |a 306.48120952 
245 1 4 |a The culture of Japan as seen through its leisure /  |c edited by Sepp Linhart and Sabine Fruhstuck 
260 |a New York :   |b State University of New York press,   |c c1998 
300 |a 397 p. 
490 1 |a SUNY series in Japan in transition 
504 |a Includes bibliographical references and index 
650 0 0 |a Leisure  |x Social aspects  |z Japan. 
650 0 0 |a Recreation  |x Social aspects  |z Japan. 
700 1 |a Linhart, Sepp.  |4 edt 
700 1 |a Fruhstuck, Sabine.  |4 edt 
830 0 |a SUNY series in Japan in transition 
852 |a INST  |b LESVOS  |e 20001127  |h 306.48120952 CUL  |p 005100025485  |q 005100025485  |t BK  |y 0 
901 |a BIBL1-2000-3 
909 |a Λ  |b 082590 
970 |a ΤΖΑΦΕΡΗ  |b ΕΥΑΓΓΕΛΙΑ  |z 2000/11/27